000 00607nam a2200217Ia 4500
001 12682
003 GE_BSU
008 181216s||||||||xx |||||||||||||| ||und||
040 _cGE_BSU
080 _a631.4(076)(075.8)
245 _aПрактикум по почвоведению
245 _cРед.В.М.Шлепанов.
260 _aМосква
260 _bКолос
260 _c1973
300 _a278стр.22см.
300 _cуказатель лит-ры с.275
300 _eПриложения с.266
653 _aПрактикум по почвоведению
942 _cBK
999 _c45853
_d45853